000 00258nam a22000977a 4500
041 _aENG
245 _aTheory Construction And Calculations Of Agricul tural Machines Vol 1
260 _aDelhi
_bDepartment Of Agricul
_c1987
650 _aFMP
856 _uFMP ( 4 )
999 _c1408
_d1408